| 000 | 04622nam a22005897a 4500 | ||
|---|---|---|---|
| 001 | B-263014-039 | ||
| 003 | dpl | ||
| 005 | 20080602112520.0 | ||
| 008 | 080602t xxu||||| |||| 00| 0 eng d | ||
| 010 | _aB-263014-039 | ||
| 020 |
_a8184080867 _c130.00 |
||
| 035 | _aB-263014-039 | ||
| 037 |
_aIPH027 _bIndiana Pub.House/ 24.4.08/15/8.4.08/19.5.08/130.00/ |
||
| 040 |
_aDPL _bEN |
||
| 082 | _aN | ||
| 100 | _aDefoe, Daniel | ||
| 245 |
_aThe adventures of Robinson Crusoe / _cby Daniel Defoe; adapted by Robert Steve |
||
| 260 |
_aNew Delhi _bIndiana Publishing House _c2007 |
||
| 270 |
_a2/13, Ansari Road, Darya Ganj, _bNew Delhi _e110002 |
||
| 300 |
_ax, 238p.: _bill. _c22 cm(Hb) |
||
| 490 | _a Indiana illustrated classics | ||
| 700 | _aSteve, Robert | ||
| 942 |
_2ddc _cCH _hN _mDEF |
||
| 999 |
_c13221 _d13221 |
||